| 000 | 00461cam a2200193ua 4500 | ||
|---|---|---|---|
| 020 | _c50.00 | ||
| 041 |
_aeng _h |
||
| 082 |
_a330 _bPIG/EC |
||
| 100 | _aPigou, A.C . | ||
| 245 |
_aEconomics of welfare / _cA.C.Pigou. _hTextual Documents |
||
| 250 |
_a4 / _b. |
||
| 260 |
_aNewyork : _bMacMillan and Company Limited , _c1960. |
||
| 300 | _a876 ; . | ||
| 365 | _a50.00 | ||
| 504 | _a | ||
| 942 | _cBK | ||
| 999 |
_c2059 _d2059 |
||